Skip to content
VuFind
Login
All Fields
Title
Author
Subject
Call Number
ISBN/ISSN
Tag
Find
Advanced
රෝම නීතියේ මූලධර්ම /...
Cite this
Text this
Email this
Print
Export Record
Export to RefWorks
Export to EndNoteWeb
Export to EndNote
Export to MARC
Export to BibTeX
Export to RIS
Save to List
Permanent link
රෝම නීතියේ මූලධර්ම /
Show other versions (1)
Saved in:
Bibliographic Details
Main Author:
කරුණාරත්න, ඩී.එම්
Format:
Book
Language:
English
Sinhalese
Published:
නුගේගොඩ :
සරසවි ,
Subjects:
නීතිය
Tags:
Add Tag
No Tags, Be the first to tag this record!
Holdings
Description
Comments
Other Versions (1)
Similar Items
Staff View
MARC
LEADER
00000nam a22000007a 4500
003
LK-ApPL
005
20260421121338.0
008
260421b |||||||| |||| 00| 0 eng d
020
|a
9789556715491
040
|a
LK-ApPL
|b
sin
|d
LK-ApPL
041
|a
sin
082
|2
23
|a
340
|b
කරුණා
100
|a
කරුණාරත්න, ඩී.එම්
245
|a
රෝම නීතියේ මූලධර්ම /
|c
ඩී.එම් .කරුණාරත්න
260
|a
නුගේගොඩ :
|b
සරසවි ,
|g
2013.
300
|a
පි. 140 :
|c
සෙ.මි.21
650
0
|a
නීතිය
942
|c
LBK
999
|c
24372
|d
24372
Similar Items
රෝම නීතියේ මූලධර්ම/
by: කරුණාරත්න, ඩී.එම්
Published: (1981)
රෝම නීතියේ මූලධර්ම/
by: කරුණරත්නන, ඩී.එම්
Published: (2013)
රෝම නීතියේ මූලධර්ම/
by: දිසානායක, කරුණාරත්න
Published: (1981)
රෝම නීතියේ මූලධර්ම /
by: දිසානායක, කරුණාරත්න
Published: (1981)
රෝම නීතියේ මූලිකාංග
by: ලී, ආර්.ඩබ්
Published: (1974)